Carregant...
WHAT WILL HAPPEN
| Autor principal: | |
|---|---|
| Format: | Journal Article |
| Matèries: |
| LEADER | 00304nam a22001097a 4500 | ||
|---|---|---|---|
| 999 | |c 176096 |d 176092 | ||
| 100 | |a M. SRIDHAR |9 131364 | ||
| 245 | |a WHAT WILL HAPPEN | ||
| 300 | |a P.70 |b 6, 1995 | ||
| 650 | |a TELUGU POEM |9 131365 | ||
| 942 | |c JA | ||
| 952 | |0 0 |1 0 |4 0 |7 0 |9 174494 |a MGUL |b MGUL |c JA |d 2019-05-13 |l 0 |r 2019-05-13 |w 2019-05-13 |y JA | ||